000 00607nam a2200229Ia 4500
003 OSt
005 20221007072642.0
006 a|||||r|||| 00| 0
007 ta
008 221006b |||||||| |||| 00| 0 eng d
024 _a27,358
037 _cTextual
040 _aFLL
_cFLL
_beng
041 _2eng
_aeng
082 _aZ52v1:M5, H8
100 _aLee R.W.
_9629288
245 0 _aHistorical conspectus of Roman law
260 _aLondon
_bSweet & Maxwell Ltd. London
_c1948
300 _avii,1-48p
_ccm.
942 _hZ52v1:M5, H8
_cTEXL
_2CC
999 _c1146648
_d1146648